[Event "Asia Club-ch Hybrid"]
[Site "Tornelo INT"]
[Date "2021.11.05"]
[Round "3.1"]
[White "Akrami, Tohid"]
[Black "Amarathunga, Kosala Sandeepa Cha"]
[Result "0-1"]
[WhiteElo "1075"]
[BlackElo "1353"]
[PlyCount "180"]
[EventDate "2021.11.03"]
[EventType "team-swiss"]
[EventRounds "9"]
[EventCountry "NET"]
[SourceTitle "CBM 205 Extra"]
[Source "ChessBase"]
[SourceDate "2022.01.31"]
[SourceVersion "1"]
[SourceVersionDate "2022.01.31"]
[SourceQuality "1"]
[WhiteTeam "Pishgam Novin"]
[BlackTeam "Super Knight CC II"]
[WhiteTeamCountry "IRI"]
[BlackTeamCountry "SRI"]

1. d4 Nf6 2. c4 e6 3. Bg5 d5 4. e3 Bb4+ 5. Nc3 0-0 6. Nf3 h6 7. Bh4 c5 8. Bd3 dxc4 9. Bxc4 Qa5 10. Qc2 Ne4 11. Rc1 cxd4 12. exd4 Nxc3 13. bxc3 Ba3 14. Rb1 Nc6 15. Rb5 Qc7 16. Bg3 Bd6 17. Rh5 Ne7 18. Bxd6 Qxd6 19. g4 Qc6 20. Be2 Nd5 21. Kd2 Nf4 22. Rc5 Qd6 23. Bd3 b6 24. Re5 f6 25. Re3 Ng2 26. Re2 Qf4+ 27. Kd1 Qxf3 28. Be4 Qxg4 29. Bxa8 Ba6 30. Bxg2 Qxg2 31. Ree1 Rc8 32. Qe4 Qxe4 33. Rxe4 Bb7 34. Rhe1 Bxe4 35. Rxe4 Rxc3 36. Rxe6 Rd3+ 37. Ke2 Rxd4 38. Re3 Rd5 39. Kf1 a5 40. Rb3 b5 41. Rc3 b4 42. Rb3 Rd1+ 43. Kg2 Ra1 44. Rb2 Kf7 45. Re2 a4 46. Rb2 a3 47. Rxb4 Rxa2 48. Ra4 Ra1 49. Ra6 Kg6 50. Kf3 a2 51. Ra5 Rh1 52. Rxa2 Rxh2 53. Ra7 Rh5 54. Kg4 Rg5+ 55. Kh4 Kf5 56. Ra5+ Kf4 57. Ra3 g6 58. Kh3 h5 59. Kh4 Rg2 60. Kh3 Rxf2 61. Ra6 Kg5 62. Ra5+ f5 63. Kg3 Rb2 64. Ra3 h4+ 65. Kh3 Kh5 66. Rf3 Rb5 67. Rf4 g5 68. Rf1 g4+ 69. Kg2 Rb2+ 70. Kg1 Kg5 71. Rc1 h3 72. Rc3 f4 73. Rc5+ Kh4 74. Rc4 Kg3 75. Rc3+ f3 76. Rc1 Re2 77. Ra1 f2+ 78. Kf1 Re1+ 79. Rxe1 fxe1Q+ 80. Kxe1 Kg2 81. Ke2 h2 82. Ke3 h1Q 83. Kf4 g3 84. Ke5 Kf2 85. Kd4 g2 86. Ke5 g1Q 87. Kd6 Qh6+ 88. Kd5 Qd1+ 89. Ke4 Qe6+ 90. Kf4 Qdg4# 0-1